Мастер и Маргарита: за Христа или против? (Запись № 12005828)

Подробности
000 -МАРКЕР
контрольное поле 01926nam0a2200397 i 4500
001 - ИДЕНТИФИКАТОР ЗАПИСИ
контрольное поле RU\NLR\BIBL_A\011217556
005 - ИДЕНТИФИКАТОР ВЕРСИИ
контрольное поле 20260409080829.0
010 ## - МЕЖДУНАРОДНЫЙ СТАНДАРТНЫЙ НОМЕР КНИГИ (ISBN)
Номер (ISBN) 9785392215140
Тираж 3000
021 ## - НОМЕР ГОСУДАРСТВЕННОЙ РЕГИСТРАЦИИ
Код страны российская федерация
Номер 2016-68952
Номер Листа государственной регистраци 4440
035 ## - ДРУГИЕ СИСТЕМНЫЕ НОМЕРА
Идентификатор записи (NLR Aleph) 011217556
100 ## - ДАННЫЕ ОБЩЕЙ ОБРАБОТКИ
Данные общей обработки 20160922d2016 k y0rusy50 ca
101 0# - ЯЗЫК РЕСУРСА
Язык текста, звукозаписи и т.д. русский
102 ## - СТРАНА ПУБЛИКАЦИИ ИЛИ ПРОИЗВОДСТВА
Страна публикации российская федерация
105 ## - ПОЛЕ КОДИРОВАННЫХ ДАННЫХ: ТЕКСТОВЫЕ МАТЕРИАЛЫ, МОНОГРАФИЧЕСКИЕ
Кодированные данные о монографическом текстовом документе y z|||000zy
200 1# - ЗАГЛАВИЕ И СВЕДЕНИЯ ОБ ОТВЕТСТВЕННОСТИ
Основное заглавие Мастер и Маргарита: за Христа или против?
Первые сведения об ответственности диак. Андрей Кураев
205 ## - СВЕДЕНИЯ ОБ ИЗДАНИИ
Сведения об издании Изд. 3-е, доп. и перераб.
210 ## - ПУБЛИКАЦИЯ, РАСПРОСТРАНЕНИЕ И ДР.
Место издания, распространения и т.д. Москва
Имя издателя, распространителя и т. д. Проспект
Дата издания, распространения и т.д. 2016
215 ## - ФИЗИЧЕСКАЯ ХАРАКТЕРИСТИКА
Специфическое обозначение материала и объем 270, [1] с.
Размеры 22
320 ## - ПРИМЕЧАНИЯ О НАЛИЧИИ В ДОКУМЕНТЕ БИБЛИОГРАФИИ / УКАЗАТЕЛЯ
Текст примечания Библиогр. в подстроч. примеч.
333 ## - ПРИМЕЧАНИЯ ОБ ОСОБЕННОСТЯХ РАСПРОСТРАНЕНИЯ И ИСПОЛЬЗОВАНИЯ
Текст примечания 18+
500 ## - УНИФИЦИРОВАННОЕ ЗАГЛАВИЕ
Унифицированное заглавие Мастер и Маргарита
Идентификатор авторитетной / нормативной записи RU\NLR\AUTH\559755
Системный номер авторитетной/нормативной записи 2631756
600 #1 - ИМЯ ЛИЦА КАК ПРЕДМЕТ
Начальный элемент ввода Булгаков
Часть имени, кроме начального элемента ввода М. А.
Даты 1891 - 1940
Расширение инициалов личного имени Михаил Афанасьевич
Тематический подзаголовок Мировоззрение
Системный номер авторитетной/нормативной записи 2345450
Идентификатор авторитетной/нормативной записи RU\NLR\AUTH\661401648
604 ## - ИМЯ И ЗАГЛАВИЕ КАК ПРЕДМЕТ
Связываемые данные 700#1$aБулгаков$bМ.А.$gМихаил Афанасьевич$f1891 - 1940
-- 500##$a"Мастер и Маргарита"$2nlr_sh2$3RU\NLR\AUTH\66171423
Идентификатор авторитетной/нормативной записи RU\NLR\AUTH\66171423
Имя лица Булгаков, Михаил Афанасьевич (1891 - 1940)
Заглавие "Мастер и Маргарита"
Системный номер авторитетной/нормативной записи 1207867
686 1# - ИНДЕКСЫ ДРУГИХ КЛАССИФИКАЦИЙ
Индекс Ш5(2=Р)7-4Булгаков
686 2# - ИНДЕКСЫ ДРУГИХ КЛАССИФИКАЦИЙ
Индекс Э372.24-117.3
700 #1 - ИМЯ ЛИЦА - ПЕРВИЧНАЯ ОТВЕТСТВЕННОСТЬ
Материалы, к которым относится поле rus
Графика поля Кириллица
Начальный элемент ввода Кураев
Часть имени, кроме начального элемента ввода А. В.
Расширение инициалов личного имени Андрей Вячеславович
Даты 1963-
Идентификатор авторитетной/нормативной записи RU\NLR\AUTH\77601
Системный номер авторитетной/нормативной записи 110646
702 #0 - ИМЯ ЛИЦА - ВТОРИЧНАЯ ОТВЕТСТВЕННОСТЬ
Материалы, к которым относится поле rus
Графика поля Кириллица
Начальный элемент ввода Иисус Христос
Идентификатор авторитетной/нормативной записи RU\NLR\AUTH\779638
Системный номер авторитетной/нормативной записи 119452
702 #1 - ИМЯ ЛИЦА - ВТОРИЧНАЯ ОТВЕТСТВЕННОСТЬ
Материалы, к которым относится поле rus
Графика поля Кириллица
Начальный элемент ввода Булгаков
Часть имени, кроме начального элемента ввода М. А.
Даты 1891-1940
Расширение инициалов личного имени Михаил Афанасьевич
Идентификатор авторитетной/нормативной записи RU\NLR\AUTH\773529
Системный номер авторитетной/нормативной записи 113525
942 ## - ДОПОЛНИТЕЛЬНЫЕ ЭЛЕМЕНТЫ ЗАПИСИ (АБИС)
Тип экземпляра АБИС Книга
980 ## - КОЛЛЕКЦИЯ
Название коллекции Иноагенты
980 ## - КОЛЛЕКЦИЯ
Название коллекции НБР
996 ## - Примечание о цензурировании
Иноагент/Метка
Код типа метки иноагент-персона
ФИО / наименование полностью (как указано в Росреестре) Кураев Андрей Вячеславович

Нет доступных экземпляров.